Holocaust in Litauen Krieg, Judenmorde und Kollaboration im Jahre 1941

Bibliographic Details
Other Authors: Bartusevičius, Vincas (Editor), Tauber, Joachim (Editor), Wette, Wolfram (Editor), Giordano, Ralph, 1923- (Author of introduction, etc.)
Format: Book
Language:German
PhysicalDescription:vii, 337 s., 43 obr. na príl. fotogr. 23 cm
Published: Köln Weimar Wien Böhlau 2003
ISBN:3412139025
Subjects:

MARC

LEADER 00000nam a2200000 a 4500
001 vtls001473707
003 SK-MaSNL
005 20260301182901.0
008 171201s2003 gw o g 00100 ger
020 |a 3412139025  |q (brož.) 
035 |a SNK000429009 
040 |a SNK  |b slo  |c SNK  |e AACR2 
044 |a gw  |a au  |c DE  |c AT 
072 7 |a 323  |x Vnútropolitický vývoj, politický život  |2 konspekt 
080 |a 323.12  |2 MDT-MRF 
080 |a 323.28  |2 MDT-MRF 
080 |a (=411.16)  |2 MDT-MRF 
080 |a (048.8)  |2 MDT-MRF 
245 0 0 |a Holocaust in Litauen  |b Krieg, Judenmorde und Kollaboration im Jahre 1941  |c herausgegeben von Vincas Barusevičius, Joachim Tauber und Wolfram Wette ; mit einem Geleitwort von Ralph Giordano 
260 |a Köln  |a Weimar  |a Wien  |b Böhlau  |c 2003 
300 |a vii, 337 s., 43 obr. na príl.  |b fotogr.  |c 23 cm 
650 0 7 |a holokaust (1939-1945)  |z Litva  |2 SNKPH  |9 78993 
650 0 7 |a Židia  |x perzekúcie  |z Litva  |2 SNKPH  |9 557356 
655 7 |a monografie  |2 SNKPH  |9 70139 
700 1 |a Bartusevičius, Vincas  |4 edt  |9 557357 
700 1 |a Tauber, Joachim  |4 edt  |9 557358 
700 1 |a Wette, Wolfram  |4 edt  |9 557359 
700 1 |a Giordano, Ralph,  |d 1923-  |4 aui  |9 370762 
919 |a 3-412-13902-5 
999 |c 855133  |d 857063 
952 |t P60, <04>, [BOOK], {604}, -K-  |a SNK  |b SNK  |y VYP  |7 0  |p 17A0441001  |o snkIC 131547  |i snkV 1168/2004  |8 2  |g 47.57  |0 0  |1 0  |4 0  |d 2004-04-23  |l 0  |r 2005-01-02 00:00:00  |w 2026-02-24